北海道の区町村(1898年) - Statistics

General Stats
  • This quiz has been taken 10 times
  • The average score is 138 of 741
Answer Stats
% Correct
石狩国 札幌
100%
石狩国 札幌郡 札幌
100%
石狩国 札幌郡 白石
86%
石狩国 石狩郡
86%
石狩国 空知郡 岩見沢
86%
後志国 余市郡
86%
後志国 古平郡
86%
渡島国 桧山郡
86%
渡島国 松前郡
86%
胆振国 室蘭郡
86%
石狩国 札幌郡 豊平
71%
石狩国 石狩郡
71%
石狩国 上川郡 旭川
71%
後志国 瀬棚郡 瀬棚
71%
渡島国 函館
71%
北見国 網走郡 網走
71%
北見国 紋別郡 紋別
71%
北見国 宗谷郡 稚内
71%
石狩国 札幌郡 琴似
57%
石狩国 札幌郡 発寒
57%
石狩国 札幌郡 円山
57%
石狩国 札幌郡 広島
57%
石狩国 札幌郡 江別
57%
石狩国 石狩郡
57%
石狩国 厚田郡 厚田
57%
石狩国 空知郡 滝川
57%
石狩国 空知郡 富良野
57%
後志国 小樽郡 銭函
57%
後志国 高島郡 稲穂
57%
後志国 忍路郡 蘭島
57%
後志国 余市郡 浜中
57%
後志国 古宇郡
57%
渡島国 桧山郡
57%
渡島国 上磯郡 木古内
57%
渡島国 亀田郡 亀田
57%
胆振国 山越郡 八雲
57%
胆振国 山越郡 長万部
57%
胆振国 虻田郡 倶知安
57%
胆振国 室蘭郡
57%
胆振国 幌別郡 幌別
57%
胆振国 勇払郡 鵡川
57%
胆振国 勇払郡 苫小牧
57%
日高国 沙流郡 厚別
57%
日高国 静内郡 遠別
57%
日高国 浦河郡 幌別
57%
日高国 様似郡 様似
57%
十勝国 中川郡 本別
57%
釧路国 足寄郡 陸別
57%
釧路国 釧路郡 釧路
57%
根室国 根室郡
57%
根室国 根室郡 根室
57%
根室国 根室郡 厚別
57%
根室国 野付郡 野付
57%
根室国 標津郡 標津
57%
千島国 国後郡
57%
千島国 紗那郡 紗那
57%
千島国 蘂取郡 蘂取
57%
北見国 斜里郡 斜里
57%
北見国 網走郡 北見
57%
北見国 常呂郡 常呂
57%
北見国 紋別郡 雄武
57%
北見国 紋別郡 湧別
57%
北見国 枝幸郡 頓別
57%
北見国 宗谷郡 猿払
57%
天塩国 天塩郡 遠別
57%
天塩国 苫前郡 羽幌
57%
天塩国 留萌郡 留萌
57%
石狩国 札幌郡 苗穂
43%
石狩国 札幌郡 丘珠
43%
石狩国 札幌郡 篠路
43%
石狩国 石狩郡 当別
43%
石狩国 空知郡 幌向
43%
石狩国 空知郡 歌志内
43%
石狩国 樺戸郡 月形
43%
石狩国 樺戸郡 新十津川
43%
石狩国 雨竜郡 深川
43%
石狩国 雨竜郡 雨竜
43%
後志国 小樽郡 朝里
43%
後志国 忍路郡 塩谷
43%
後志国 古平郡 歌棄
43%
後志国 古宇郡 神恵内
43%
後志国 岩内郡 小沢
43%
渡島国 松前郡 福島
43%
渡島国 上磯郡 上磯
43%
渡島国 亀田郡 椴法華
43%
胆振国 虻田郡 虻田
43%
胆振国 虻田郡 礼文
43%
胆振国 室蘭郡 千歳
43%
胆振国 幌別郡 登別
43%
胆振国 白老郡 白老
43%
胆振国 勇払郡 穂別
43%
胆振国 勇払郡 勇払
43%
胆振国 千歳郡 千歳
43%
胆振国 千歳郡 蘭越
43%
日高国 沙流郡 平取
43%
日高国 静内郡 幕別
43%
日高国 浦河郡 浦河
43%
十勝国 当縁郡 大樹
43%
十勝国 中川郡 十弗
43%
十勝国 中川郡 幕別
43%
十勝国 河東郡 音更
43%
釧路国 足寄郡 足寄
43%
釧路国 白糠郡 白糠
43%
釧路国 白糠郡 庶路
43%
根室国 根室郡 花咲
43%
根室国 花咲郡 花咲
43%
根室国 花咲郡 歯舞
43%
根室国 野付郡 別海
43%
北見国 網走郡 美幌
43%
北見国 紋別郡 渚滑
43%
北見国 紋別郡 興部
43%
北見国 枝幸郡 枝幸
43%
北見国 枝幸郡 歌登
43%
北見国 枝幸郡 礼文
43%
北見国 宗谷郡 宗谷
43%
天塩国 上川郡 士別
43%
天塩国 天塩郡 幌延
43%
天塩国 天塩郡 天塩
43%
天塩国 苫前郡 苫前
43%
天塩国 増毛郡 増毛
43%
石狩国 札幌郡 山口
29%
石狩国 札幌郡 山鼻
29%
石狩国 札幌郡 平岸
29%
石狩国 石狩郡 篠津
29%
石狩国 石狩郡 花畔
29%
石狩国 石狩郡 新篠津
29%
石狩国 厚田郡 古潭
29%
石狩国 厚田郡 濃昼
29%
石狩国 空知郡 幌内
29%
石狩国 空知郡 幾春別
29%
石狩国 空知郡 栗沢
29%
石狩国 夕張郡 由仁
29%
石狩国 夕張郡 登川
29%
石狩国 上川郡 神居
29%
石狩国 上川郡 神楽
29%
石狩国 上川郡 鷹栖
29%
石狩国 上川郡 愛別
29%
後志国 小樽郡 山田
29%
後志国 小樽郡
29%
後志国 小樽郡 相生
29%
後志国 高島郡 手宮
29%
後志国 忍路郡 忍路
29%
後志国 余市郡
29%
後志国 余市郡 梅川
29%
後志国 余市郡 山田
29%
後志国 余市郡 畚部
29%
後志国 余市郡 大川
29%
後志国 余市郡 大江
29%
後志国 古平郡
29%
後志国 積丹郡 西河
29%
後志国 岩内郡 前田
29%
後志国 歌棄郡 熱郛
29%
後志国 寿都郡 黒松内
29%
後志国 瀬棚郡 利別
29%
後志国 太櫓郡 太櫓
29%
後志国 奥尻郡 青苗
29%
後志国 久遠郡 久遠
29%
渡島国 桧山郡 目名
29%
渡島国 桧山郡 上ノ国
29%
渡島国 松前郡 白川
29%
渡島国 上磯郡 札苅
29%
渡島国 上磯郡 富川
29%
渡島国 亀田郡 七飯
29%
渡島国 茅部郡
29%
胆振国 虻田郡 真狩
29%
胆振国 有珠郡 有珠
29%
胆振国 室蘭郡
29%
胆振国 勇払郡 厚真
29%
胆振国 千歳郡 長都
29%
日高国 沙流郡 門別
29%
日高国 静内郡 下下方
29%
日高国 静内郡 目名
29%
日高国 静内郡 春立
29%
日高国 様似郡 鵜苫
29%
日高国 幌泉郡 幌泉
29%
十勝国 十勝郡 十勝
29%
十勝国 中川郡 豊頃
29%
十勝国 河西郡 芽室
29%
釧路国 足寄郡 利別
29%
釧路国 川上郡 塘路
29%
釧路国 川上郡 弟子屈
29%
釧路国 川上郡 屈斜路
29%
釧路国 厚岸郡 霧多布
29%
根室国 根室郡 平内
29%
根室国 根室郡 和田
29%
根室国 花咲郡 珸瑤瑁
29%
根室国 花咲郡 落石
29%
千島国 国後郡 留夜別
29%
千島国 国後郡 大滝
29%
千島国 振別郡 振別
29%
千島国 紗那郡 留別
29%
北見国 網走郡 能取
29%
北見国 網走郡 藻琴
29%
北見国 常呂郡 野付牛
29%
北見国 紋別郡 幌内
29%
北見国 紋別郡 沢木
29%
北見国 宗谷郡 声問
29%
北見国 宗谷郡 抜海
29%
北見国 礼文郡 船泊
29%
北見国 礼文郡 香深
29%
北見国 利尻郡 鴛泊
29%
北見国 利尻郡 沓形
29%
天塩国 上川郡 剣淵
29%
天塩国 天塩郡 沙流
29%
天塩国 苫前郡 焼尻
29%
天塩国 苫前郡 天売
29%
天塩国 留萌郡 礼受
29%
石狩国 札幌郡 雁来
14%
石狩国 札幌郡 上手稲
14%
石狩国 札幌郡 下手稲
14%
石狩国 札幌郡 月寒
14%
石狩国 札幌郡 上白石
14%
石狩国 石狩郡
14%
石狩国 石狩郡
14%
石狩国 石狩郡 船場
14%
石狩国 石狩郡 親船
14%
石狩国 石狩郡 八幡
14%
石狩国 石狩郡 樽川
14%
石狩国 厚田郡 聚富
14%
石狩国 厚田郡 望来
14%
石狩国 厚田郡 押琴
14%
石狩国 厚田郡 小谷
14%
石狩国 厚田郡 別狩
14%
石狩国 厚田郡 安瀬
14%
石狩国 浜益郡 川下
14%
石狩国 浜益郡 実田
14%
石狩国 空知郡 市来知
14%
石狩国 空知郡 沼貝
14%
石狩国 空知郡 奈江
14%
石狩国 夕張郡 角田
14%
石狩国 夕張郡 長沼
14%
石狩国 上川郡 永山
14%
石狩国 上川郡 東川
14%
後志国 小樽郡 熊碓
14%
後志国 小樽郡 若竹
14%
後志国 小樽郡 勝納
14%
後志国 小樽郡 新富
14%
後志国 小樽郡 真栄
14%
後志国 小樽郡 高砂
14%
後志国 小樽郡 新地
14%
後志国 小樽郡 若松
14%
後志国 小樽郡 信香裏
14%
後志国 小樽郡 信香
14%
後志国 小樽郡
14%
後志国 小樽郡
14%
後志国 小樽郡 奥沢
14%
後志国 高島郡 色内
14%
後志国 高島郡 北浜
14%
後志国 高島郡 高島
14%
後志国 高島郡 祝津
14%
後志国 忍路郡 桃内
14%
後志国 余市郡 富沢
14%
後志国 余市郡 琴平
14%
後志国 余市郡 黒川
14%
後志国 余市郡
14%
後志国 余市郡 仁木
14%
後志国 余市郡 山道
14%
後志国 古平郡 丸山
14%
後志国 古平郡 新地
14%
後志国 古平郡
14%
後志国 古平郡 沢江
14%
後志国 美国郡 船澗
14%
後志国 美国郡 小泊
14%
後志国 美国郡 幌武意
14%
後志国 美国郡 婦美
14%
後志国 積丹郡 野塚
14%
後志国 積丹郡 日司
14%
後志国 積丹郡 入舸
14%
後志国 積丹郡 余別
14%
後志国 積丹郡 来岸
14%
後志国 積丹郡 神岬
14%
後志国 古宇郡 興志内
14%
後志国 古宇郡
14%
後志国 古宇郡 赤石
14%
後志国 古宇郡 珊内
14%
後志国 岩内郡 堀株
14%
後志国 岩内郡 発足
14%
後志国 岩内郡 茅沼
14%
後志国 岩内郡 幌似
14%
後志国 岩内郡 御鉾内
14%
後志国 岩内郡 稲穂崎
14%
後志国 岩内郡 鷹台
14%
後志国 岩内郡 梨野舞納
14%
後志国 岩内郡 野束
14%
後志国 岩内郡 敷島内
14%
後志国 磯谷郡 島古丹
14%
後志国 磯谷郡 尻別
14%
後志国 歌棄郡 潮路
14%
後志国 歌棄郡 種前
14%
後志国 歌棄郡 美谷
14%
後志国 寿都郡 湯別
14%
後志国 寿都郡 樽岸
14%
後志国 寿都郡 政泊
14%
後志国 寿都郡 六条
14%
後志国 寿都郡 渡島
14%
後志国 寿都郡 新栄
14%
後志国 島牧郡 永豊
14%
後志国 島牧郡 千走
14%
後志国 島牧郡 江泥辺
14%
後志国 島牧郡 原歌
14%
後志国 島牧郡 歌島
14%
後志国 島牧郡 本目
14%
後志国 瀬棚郡 島歌
14%
後志国 太櫓郡 古櫓多
14%
後志国 太櫓郡 良瑠石
14%
後志国 太櫓郡 鵜泊
14%
後志国 奥尻郡 釣懸
14%
後志国 奥尻郡 赤石
14%
後志国 奥尻郡 薬師
14%
後志国 久遠郡 貝取澗
14%
後志国 久遠郡 長磯
14%
後志国 久遠郡 太田
14%
渡島国 桧山郡 土橋
14%
渡島国 桧山郡 俄虫
14%
渡島国 桧山郡 安野呂
14%
渡島国 桧山郡
14%
渡島国 桧山郡
14%
渡島国 桧山郡 新地
14%
渡島国 桧山郡 上野
14%
渡島国 桧山郡 五勝手
14%
渡島国 桧山郡 大留
14%
渡島国 桧山郡 木ノ子
14%
渡島国 桧山郡 汐吹
14%
渡島国 桧山郡 石崎
14%
渡島国 桧山郡 小砂子
14%
渡島国 松前郡 原口
14%
渡島国 松前郡 江良町
14%
渡島国 松前郡 赤神
14%
渡島国 松前郡 根部田
14%
渡島国 松前郡 茂草
14%
渡島国 松前郡 雨垂石
14%
渡島国 松前郡 総社堂
14%
渡島国 松前郡 生符
14%
渡島国 松前郡 博知石
14%
渡島国 松前郡 東上
14%
渡島国 松前郡 東中
14%
渡島国 松前郡 東下
14%
渡島国 松前郡 及部
14%
渡島国 松前郡 上及部
14%
渡島国 松前郡 大沢
14%
渡島国 松前郡 荒谷
14%
渡島国 松前郡 炭焼沢
14%
渡島国 松前郡 礼髭
14%
渡島国 松前郡 吉岡
14%
渡島国 松前郡 白符
14%
渡島国 上磯郡 知内
14%
渡島国 上磯郡 小谷石
14%
渡島国 上磯郡 泉沢
14%
渡島国 上磯郡 釜谷
14%
渡島国 上磯郡 茂辺地
14%
渡島国 上磯郡 石別
14%
渡島国 上磯郡 清川
14%
渡島国 上磯郡 中野
14%
渡島国 亀田郡 鍛冶
14%
渡島国 亀田郡 神山
14%
渡島国 亀田郡 桔梗
14%
渡島国 亀田郡 赤川
14%
渡島国 亀田郡 石川
14%
渡島国 亀田郡 亀ノ尾
14%
渡島国 亀田郡 上湯川
14%
渡島国 亀田郡 下湯川
14%
渡島国 亀田郡 銭亀沢
14%
渡島国 亀田郡 志苔
14%
渡島国 亀田郡 石崎
14%
渡島国 亀田郡 戸井
14%
渡島国 亀田郡 尻岸内
14%
渡島国 亀田郡 藤城
14%
渡島国 亀田郡 峠下
14%
渡島国 亀田郡 軍川
14%
渡島国 亀田郡 大野
14%
渡島国 亀田郡 本郷
14%
渡島国 亀田郡 千代田
14%
渡島国 茅部郡 尾札部
14%
渡島国 茅部郡 臼尻
14%
渡島国 茅部郡 砂原
14%
渡島国 茅部郡 掛澗
14%
渡島国 茅部郡 尾白内
14%
渡島国 茅部郡 石倉
14%
渡島国 茅部郡 蛯谷
14%
渡島国 茅部郡 落部
14%
胆振国 虻田郡 弁辺
14%
胆振国 有珠郡 稀府
14%
胆振国 有珠郡 東紋鼈
14%
胆振国 有珠郡 西紋鼈
14%
胆振国 有珠郡 黄金蘂
14%
胆振国 室蘭郡 千舞鼈
14%
胆振国 室蘭郡 札幌通
14%
胆振国 室蘭郡 元室蘭
14%
胆振国 室蘭郡 輪西
14%
胆振国 幌別郡 鷲別
14%
胆振国 白老郡 社台
14%
胆振国 白老郡 敷生
14%
胆振国 勇払郡 井目戸
14%
胆振国 勇払郡 萌別
14%
胆振国 勇払郡 生鼈
14%
胆振国 勇払郡 似湾
14%
胆振国 勇払郡 累標
14%
胆振国 勇払郡 辺富内
14%
胆振国 勇払郡 樽前
14%
胆振国 勇払郡 覚生
14%
胆振国 勇払郡 錦多峰
14%
胆振国 勇払郡 植苗
14%
胆振国 千歳郡 烏柵舞
14%
胆振国 千歳郡
14%
胆振国 千歳郡 島松
14%
日高国 沙流郡 佐瑠太
14%
日高国 沙流郡 紫雲古津
14%
日高国 沙流郡 荷菜
14%
日高国 沙流郡 荷負
14%
日高国 沙流郡 長知内
14%
日高国 沙流郡 波恵
14%
日高国 沙流郡 慶能舞
14%
日高国 沙流郡 賀張
14%
日高国 沙流郡 貫気別
14%
日高国 沙流郡 荷菜摘
14%
日高国 新冠郡 葉朽
14%
日高国 新冠郡 受乞
14%
日高国 新冠郡 元神部
14%
日高国 新冠郡 泊津
14%
日高国 新冠郡 高江
14%
日高国 新冠郡 去童
14%
日高国 新冠郡 姉去
14%
日高国 新冠郡 万揃
14%
日高国 静内郡 中下方
14%
日高国 静内郡 上下方
14%
日高国 静内郡 遠仏
14%
日高国 静内郡 碧蘂
14%
日高国 静内郡 有良
14%
日高国 静内郡 婦蟹
14%
日高国 静内郡 佐妻
14%
日高国 静内郡 捫別
14%
日高国 静内郡 音江
14%
日高国 三石郡 姨布
14%
日高国 三石郡 辺訪
14%
日高国 三石郡 鳧舞
14%
日高国 三石郡 本桐
14%
日高国 三石郡 歌笛
14%
日高国 浦河郡 後鞆
14%
日高国 浦河郡 後辺戸
14%
日高国 浦河郡 姉茶
14%
日高国 浦河郡 野深
14%
日高国 浦河郡 荻伏
14%
日高国 浦河郡 杵臼
14%
日高国 浦河郡 井寒台
14%
日高国 様似郡 冬島
14%
日高国 様似郡 二七
14%
日高国 様似郡 岡田
14%
日高国 様似郡 幌満
14%
日高国 幌泉郡 油駒
14%
日高国 幌泉郡 小越
14%
日高国 幌泉郡 庶野
14%
日高国 幌泉郡 猿留
14%
日高国 幌泉郡 近呼
14%
日高国 幌泉郡 歌露
14%
十勝国 広尾郡 茂寄
14%
十勝国 当縁郡 歴舟
14%
十勝国 当縁郡 当縁
14%
十勝国 十勝郡 大津
14%
十勝国 十勝郡 生剛
14%
十勝国 十勝郡 愛牛
14%
十勝国 中川郡 旅来
14%
十勝国 中川郡 安骨
14%
十勝国 中川郡 居辺
14%
十勝国 中川郡 凋寒
14%
十勝国 中川郡 蝶多
14%
十勝国 中川郡 止若
14%
十勝国 中川郡 咾別
14%
十勝国 中川郡 白人
14%
十勝国 中川郡 別奴
14%
十勝国 河西郡 上帯広
14%
十勝国 河西郡 下帯広
14%
十勝国 河西郡 伏古
14%
十勝国 河西郡 幸震
14%
十勝国 河西郡 鵺抜
14%
十勝国 河西郡 売買
14%
十勝国 河東郡 然別
14%
十勝国 上川郡 人舞
14%
釧路国 川上郡 熊牛
14%
釧路国 阿寒郡 舌辛
14%
釧路国 阿寒郡 徹別
14%
釧路国 阿寒郡 蘇牛
14%
釧路国 阿寒郡 飽別
14%
釧路国 白糠郡 尺別
14%
釧路国 釧路郡
14%
釧路国 釧路郡 真砂
14%
釧路国 釧路郡 桂恋
14%
釧路国 釧路郡 鳥取
14%
釧路国 釧路郡 昆布森
14%
釧路国 釧路郡 跡永賀
14%
釧路国 釧路郡 仙鳳趾
14%
釧路国 厚岸郡 湾月
14%
釧路国 厚岸郡 松葉
14%
釧路国 厚岸郡 若竹
14%
釧路国 厚岸郡 奔渡
14%
釧路国 厚岸郡 苫多
14%
釧路国 厚岸郡 床潭
14%
釧路国 厚岸郡 末広
14%
釧路国 厚岸郡 璃瑠瀾
14%
釧路国 厚岸郡 散布
14%
釧路国 厚岸郡 太田
14%
根室国 根室郡 梅ヶ枝
14%
根室国 根室郡 松ヶ枝
14%
根室国 根室郡 千島
14%
根室国 根室郡 琴平
14%
根室国 根室郡 西別
14%
根室国 根室郡 走古潭
14%
根室国 花咲郡 友知
14%
根室国 花咲郡 沖根辺
14%
根室国 花咲郡 沖根婦
14%
根室国 花咲郡 婦羅理
14%
根室国 花咲郡 昆布盛
14%
根室国 野付郡 平糸
14%
根室国 野付郡 茶志骨
14%
根室国 目梨郡 忠類
14%
根室国 目梨郡 薫別
14%
根室国 目梨郡 植別
14%
根室国 目梨郡 崎無異
14%
千島国 国後郡 秩刈別
14%
千島国 色丹郡 斜古丹
14%
千島国 紗那郡 別飛
14%
千島国 蘂取郡 乙今牛
14%
北見国 斜里郡 止別
14%
北見国 網走郡 新栗履
14%
北見国 紋別郡 沙留
14%
北見国 礼文郡 神崎
14%
北見国 礼文郡 尺忍
14%
北見国 利尻郡 鬼脇
14%
北見国 利尻郡 石崎
14%
北見国 利尻郡 仙法志
14%
北見国 利尻郡 本泊
14%
天塩国 中川郡 下名寄
14%
天塩国 上川郡 上名寄
14%
天塩国 留萌郡 三泊
14%
天塩国 留萌郡 鬼鹿
14%
天塩国 留萌郡 天登雁
14%
天塩国 増毛郡 野塚
14%
天塩国 増毛郡 暑寒
14%
天塩国 増毛郡 暑寒裏
14%
天塩国 増毛郡 阿分
14%
天塩国 増毛郡 舎熊
14%
天塩国 増毛郡 別苅
14%
天塩国 増毛郡 暑寒沢
14%
石狩国 札幌郡 対雁
0%
石狩国 石狩郡 弁天
0%
石狩国 石狩郡 若生
0%
石狩国 石狩郡 生振
0%
石狩国 厚田郡 嶺泊
0%
石狩国 浜益郡 柏木
0%
石狩国 浜益郡 尻苗
0%
石狩国 浜益郡 茂生
0%
石狩国 浜益郡 群別
0%
石狩国 上川郡 東旭川
0%
後志国 小樽郡 潮見台
0%
後志国 小樽郡 川原
0%
後志国 小樽郡 土場
0%
後志国 小樽郡 芝居
0%
後志国 小樽郡 金曇
0%
後志国 小樽郡 竜徳
0%
後志国 小樽郡 開運
0%
後志国 小樽郡 山ノ上
0%
後志国 小樽郡 有幌
0%
後志国 小樽郡 量徳
0%
後志国 小樽郡 住ノ江
0%
後志国 小樽郡 永井
0%
後志国 小樽郡 花園
0%
後志国 小樽郡 入船
0%
後志国 小樽郡 住初
0%
後志国 小樽郡 沙崎
0%
後志国 高島郡 手宮裏
0%
後志国 高島郡 南浜
0%
後志国 余市郡 山臼
0%
後志国 古平郡 入船
0%
後志国 古平郡 群来
0%
後志国 美国郡 厚苫
0%
後志国 積丹郡 出岬
0%
後志国 岩内郡
0%
後志国 岩内郡 吹上
0%
後志国 岩内郡 堀江
0%
後志国 岩内郡 三島
0%
後志国 岩内郡 老古美
0%
後志国 磯谷郡 横澗
0%
後志国 磯谷郡 能津登
0%
後志国 歌棄郡 有戸
0%
後志国 歌棄郡 作開
0%
後志国 寿都郡 岩崎
0%
後志国 寿都郡 開進
0%
後志国 寿都郡 大磯
0%
後志国 寿都郡 矢追
0%
後志国 島牧郡 軽臼
0%
後志国 瀬棚郡 梅花都
0%
後志国 瀬棚郡 中歌
0%
後志国 瀬棚郡 虻羅
0%
後志国 久遠郡 平田内
0%
後志国 久遠郡 上古丹
0%
後志国 久遠郡 湯ノ尻
0%
渡島国 桧山郡 赤沼
0%
渡島国 桧山郡 伏木戸
0%
渡島国 桧山郡 柳崎
0%
渡島国 桧山郡 鯎川
0%
渡島国 桧山郡 小黒部
0%
渡島国 桧山郡 田沢
0%
渡島国 桧山郡 東新
0%
渡島国 桧山郡 北新
0%
渡島国 桧山郡 中新
0%
渡島国 桧山郡 川原新
0%
渡島国 桧山郡 片原
0%
渡島国 桧山郡 詰木石
0%
渡島国 桧山郡 豊部内
0%
渡島国 桧山郡 九艘川
0%
渡島国 桧山郡 中歌
0%
渡島国 桧山郡 姥神
0%
渡島国 桧山郡 津花
0%
渡島国 桧山郡 浜茂尻
0%
渡島国 桧山郡 酒田
0%
渡島国 桧山郡 新地裏
0%
渡島国 桧山郡 法華寺
0%
渡島国 桧山郡 佐平治
0%
渡島国 桧山郡 弥陀堂
0%
渡島国 桧山郡 切石
0%
渡島国 桧山郡 影ノ
0%
渡島国 桧山郡 沢茂尻
0%
渡島国 桧山郡 中茂尻
0%
渡島国 桧山郡 小平沢
0%
渡島国 桧山郡
0%
渡島国 桧山郡 寺子屋
0%
渡島国 松前郡 清部
0%
渡島国 松前郡 札前
0%
渡島国 松前郡 愛宕
0%
渡島国 松前郡 西館
0%
渡島国 松前郡 唐津内沢
0%
渡島国 松前郡 唐津内
0%
渡島国 松前郡 新荒
0%
渡島国 松前郡 湯殿沢
0%
渡島国 松前郡 小松前
0%
渡島国 松前郡 松城
0%
渡島国 松前郡 大松前
0%
渡島国 松前郡 枝ヶ崎
0%
渡島国 松前郡
0%
渡島国 松前郡 横澗
0%
渡島国 松前郡
0%
渡島国 松前郡 中川原
0%
渡島国 松前郡 川原
0%
渡島国 松前郡 神明
0%
渡島国 松前郡 馬形上
0%
渡島国 松前郡 馬形中
0%
渡島国 松前郡 馬形下
0%
渡島国 松前郡 端立
0%
渡島国 松前郡 東新
0%
渡島国 松前郡 泊川
0%
渡島国 松前郡 寅向
0%
渡島国 松前郡 伝治沢
0%
渡島国 松前郡 山ノ上
0%
渡島国 松前郡 宮歌
0%
渡島国 上磯郡 谷好
0%
渡島国 亀田郡 根崎
0%
渡島国 亀田郡 小安
0%
渡島国 亀田郡 鶴野
0%
渡島国 亀田郡 大中山
0%
渡島国 亀田郡 市渡
0%
渡島国 亀田郡 文月
0%
渡島国 亀田郡 一本木
0%
渡島国 茅部郡 熊泊
0%
渡島国 茅部郡 鹿部
0%
渡島国 茅部郡 宿野辺
0%
渡島国 茅部郡 鷲ノ木
0%
胆振国 山越郡 山越内
0%
胆振国 有珠郡 長流
0%
胆振国 室蘭郡 西小路
0%
胆振国 室蘭郡 幕西
0%
胆振国 室蘭郡 常盤
0%
胆振国 室蘭郡 海岸
0%
胆振国 室蘭郡 絵鞆
0%
胆振国 勇払郡 小糸魚
0%
日高国 沙流郡 平賀
0%
日高国 沙流郡 二風谷
0%
日高国 沙流郡 幌去
0%
日高国 沙流郡 菜実
0%
日高国 新冠郡 滑若
0%
日高国 静内郡 市父
0%
日高国 静内郡 野家
0%
日高国 三石郡 幌毛
0%
日高国 浦河郡 向別
0%
日高国 浦河郡 西舎
0%
日高国 様似郡 平鵜
0%
日高国 様似郡 誓内
0%
日高国 幌泉郡 笛舞
0%
日高国 幌泉郡 歌別
0%
十勝国 十勝郡 長臼
0%
十勝国 中川郡 様舞
0%
十勝国 中川郡 信取
0%
十勝国 中川郡 蓋派
0%
十勝国 中川郡 押帯
0%
十勝国 中川郡 幌蓋
0%
十勝国 河西郡 美生
0%
十勝国 河東郡 西士狩
0%
十勝国 河東郡 美蔓
0%
釧路国 川上郡 虹別
0%
釧路国 釧路郡 浦見
0%
釧路国 釧路郡 幣舞
0%
釧路国 釧路郡 洲崎
0%
釧路国 厚岸郡 梅香
0%
根室国 根室郡
0%
根室国 根室郡 常盤
0%
根室国 根室郡 弥生
0%
根室国 根室郡 有磯
0%
根室国 根室郡 光和
0%
根室国 根室郡 清隆
0%
根室国 根室郡 弥栄
0%
根室国 根室郡 定基
0%
根室国 根室郡 鳴海
0%
根室国 根室郡 松本
0%
根室国 根室郡 弁天
0%
根室国 根室郡 汐見
0%
根室国 根室郡 穂香
0%
根室国 根室郡 幌茂尻
0%
根室国 標津郡 伊茶仁
0%
千島国 国後郡 東沸
0%
千島国 国後郡 米戸賀
0%
千島国 振別郡 老門
0%
千島国 択捉郡 内保
0%
千島国 択捉郡 丹根萌
0%
千島国 紗那郡 有萌
0%
北見国 斜里郡 朱円
0%
北見国 斜里郡 遠音別
0%
北見国 網走郡 最寄
0%
北見国 網走郡 娜寄
0%
北見国 網走郡 涛沸
0%
北見国 常呂郡 鐺沸
0%
北見国 常呂郡 太茶苗
0%
北見国 常呂郡 手師学
0%
北見国 紋別郡 藻鼈
0%
北見国 紋別郡 瑠橡
0%
北見国 宗谷郡 泊内
0%
天塩国 苫前郡 力昼
0%
天塩国 増毛郡 弁天
0%
天塩国 増毛郡 稲葉
0%
天塩国 増毛郡 永寿
0%
天塩国 増毛郡 七源
0%
天塩国 増毛郡 畠中
0%
天塩国 増毛郡 畠中裏
0%
天塩国 増毛郡 岩尾
0%
No matching quizzes found
Score Distribution
Percent of People with Each Score
Percentile by Number Answered
Your Score History
You have not taken this quiz